| 000 | 00680nam a22002177a 4500 | ||
|---|---|---|---|
| 999 |
_c16464 _d16464 |
||
| 003 | AR-CdUCM | ||
| 008 | 190503b ||||| |||| 00| 0 spa d | ||
| 040 |
_aMUNICIPALIDAD PROVINCIAL DEL CUSCO _cBIBLIOTECA MUNICIPAL DEL CUSCO |
||
| 082 |
_a108 / _bJ39 |
||
| 100 |
_aJenofanes de Colofon _935918 |
||
| 245 | _aFragmentos y testimonios / | ||
| 260 |
_aBuenos Aires : _bAguilar, _c1964. |
||
| 300 |
_a85 páginas ; _c16 cm. |
||
| 505 | _aVida pensamiento e influencia -- fragmentos y testimonios... | ||
| 650 |
_aFragmentos. _935919 |
||
| 650 |
_aTestimonios. _9915 |
||
| 700 |
_aFarre, Luis _935920 |
||
| 700 |
_aLiberani, M. H. _935921 |
||
| 942 |
_2ddc _cLIBROS |
||
| 945 | _awfj | ||